Znana strona internetowa - Statystyki

Ogólne statystyki
  • Ten quiz został rozwiązany 50 razy
    28 od ostatniego zresetowania
  • Średni wynik to 4 z 12
Statystyki odpowiedzi
Odpowiedź % Poprawnych
Facebook
91%
Youtube
83%
Wikipedia
43%
Allegro
39%
Amazon
35%
Onet
30%
Twitch
30%
Olx
26%
Shein
22%
Ebay
17%
Empik
17%
Pudelek
4%
Nie znaleziono quizów pasujących do podanych kryteriów
Rozkład punktacji
Procent ludzi z każdym wynikiem
Percentyl według liczby udzielonych odpowiedzi
Twoja historia wyników
Nie rozwiązałeś tego quizu od ostatniego zresetowania